00977cam a2200301 45000010005000000030006000050050017000110080041000280100017000690200015000860200018001010400023001190500014001420820012001561000017001682450087001852600038002723000043003103500010003535050007003635200166003705210018005365210018005546500026005726500021005986500022006197000034006414210FISKH20240704152545.0720508s1972 nyua j 000 1 eng  a 72002434  a0394824725 a9780142410325 aDLCcDLCdDLCbeng00aPZ7.D1515 a823.9141 aDahl, Roald.10aCharlie and the great glass elevator /cRoald Dahl ; Illustrated by Quentin Blake  aNew York :bPuffin Books, c1972. a159 pages : billustrations ; c20 cm  a$3.95 aR  aTaking up where Charlie and the Chocolate Factory leaves off, Charlie, his family, and Mr. Wonka find themselves launched into space in the great glass elevator.8 a720 bLexile 8 aR bRaz-Plus  1aOuter spacevFiction. 1aScience fiction. 1aHumorous stories. aBlake, Quentin eillustrator